| 000 | 00422nam a22001577a 4500 | ||
|---|---|---|---|
| 003 | BD-DhUIB | ||
| 005 | 20251013184523.0 | ||
| 008 | 251013b |||||||| |||| 00| 0 eng d | ||
| 040 |
_aBD-DhUIB _cBD-DhUIB |
||
| 050 | _a174.4 | ||
| 082 | _222 | ||
| 100 |
_aBrown, Marvin T. _91001 |
||
| 245 |
_aCorporate integrity: _brethinking organizational ethics and leadership/ _cby Marvin T. Brown. |
||
| 526 | _aBBA. | ||
| 942 |
_2ddc _cBK |
||
| 999 |
_c545 _d545 |
||